Egy borászati kisvállalkozás marketingstratégiája a Skrabski Pincészet példáján keresztül

Bibliográfiai részletek
Szerző: Endrédi Péter
További közreműködők: Kopcsay Dr. László
Dokumentumtípus: Diplomadolgozat
Kulcsszavak:Borászat
Marketingstratégia
Skrabski Pincészet
Kis- és középvállalkozások
Online Access:http://dolgozattar.uni-bge.hu/8447

MARC

LEADER 00000nta a2200000 i 4500
001 dolg8447
005 20170522135238.0
008 161209suuuu hu om 000 hun d
040 |a BGE Dolgozattár Repozitórium  |b hun 
041 |a hu 
100 1 |a Endrédi Péter 
245 1 0 |a Egy borászati kisvállalkozás marketingstratégiája a Skrabski Pincészet példáján keresztül  |c Endrédi Péter  |h [elektronikus dokumentum] 
695 |a Borászat 
695 |a Marketingstratégia 
695 |a Skrabski Pincészet 
695 |a Kis- és középvállalkozások 
700 1 |a Kopcsay Dr. László  |e ths 
856 4 0 |u http://dolgozattar.uni-bge.hu/8447/1/Szakdolgozat_Endr%C3%A9di%20P%C3%A9ter.pdf  |z Dokumentum-elérés